000 00981nam a2200253 i 4500
001 190916
003 ES-MaACL
005 20240226120348.0
008 220826s1991 xxu 000 0 eng d
020 _a0-8103-6961-3
040 _aES-MaCSI.
_bspa.
_cVL
080 _a050:003.083
245 0 0 _aNew periodical title abbreviations :
_bvolume 3 of "Periodical title abbreviations", fourth edition. Supplement /
_ceditor, Leland G. Alkire ; associate editor Cheryl Westerman-Alkire.
260 _aDetroit :
_bGale Research Inc.,
_c[1991]
300 _a655 p. ;
_c22 cm.
490 1 _aPeriodical title abbreviations series
650 4 _aPublicaciones periódicas-
_xAbreviaturas de títulos.
_9174986
700 1 _aAlkire, Leland G.
_9174983
700 1 _aWesterman-Alkire, Cheryl.
_9174984
830 1 _aPeriodical title abbreviations series
_9225945
852 4 _aES-MaACL
_jA-15240
_9198105
_bR.110349
_cDEPO1
_dOlim: BIB 05 new
942 _2udc
999 _c190916
_d190916